000 00390 a2200169 4500
001 181995
020 _a85-329-0118-2
040 _cMagnum
100 _aGonçalves, Heitor Antônio
240 1 0 _aCiências da escola para a vida 7
_lpor
245 1 0 _aCiências da escola para a vida 7
300 _a136
362 0 _a1996
440 1 _a
697 _aCIÊNCIAS PURAS
942 _cBK
999 _c181995
_d181995